| 000 | 00788nam a2200229 a 4500 | ||
|---|---|---|---|
| 005 | 20210223124107.0 | ||
| 008 | 010518s19831989 r 000 0 eng d | ||
| 020 | _a8420623547 | ||
| 035 | _aUPN01000106434 | ||
| 049 | _aCG | ||
| 050 | 4 |
_aHX36 _bG6.28 |
|
| 100 | 1 | 0 |
_aGouldner, Alvin Ward, _d1920-1980. |
| 245 | 1 | 4 |
_aLos dos marxismos : _bcontradicciones y anomalías en el desarrollo de la teoría / _cAlvin W. Gouldner ; tr. de Néstor A. Miguez. |
| 260 |
_aMadrid : _bAlianza, _c1983 (1989 impr.). |
||
| 300 | _a418p. | ||
| 440 | 0 |
_aAlianza universidad ; _v354 |
|
| 590 | _a(También localizas un ejemplar en el "Area de Reserva") | ||
| 590 | _aBibliografía Básica (BGTQ) | ||
| 650 | 4 |
_aCOMUNISMO - _xHISTORIA _99897 |
|
| 650 | 4 |
_aSOCIALISMO - _xHISTORIA _918141 |
|
| 905 | _aLibro | ||
| 999 |
_c80346 _d80346 |
||